| 000 | 00717cam a22002533a 4500 | ||
|---|---|---|---|
| 001 | 17195 | ||
| 003 | PGUSA | ||
| 005 | 20140828083352.0 | ||
| 008 | 051202s2005||||xxu|||||s|||||000 | eng d | ||
| 040 |
_aPGUSA _beng |
||
| 042 | _adc | ||
| 050 | 4 | _aBJ | |
| 100 | 1 |
_aHubbard, Elbert, _d1856-1915 |
|
| 245 | 1 | 2 |
_aA Message to Garcia : _bBeing a Preachment _h[electronic resource] / _cElbert Hubbard |
| 260 |
_bProject Gutenberg, _c2005 |
||
| 506 | _aPublic domain in the USA. | ||
| 516 | _aElectronic text | ||
| 653 | _aSuccess | ||
| 653 | _aRowan, Andrew Summers | ||
| 653 | _aSpanish-American War, 1898 | ||
| 830 | 0 |
_aProject Gutenberg _v17195 |
|
| 856 | 4 | 0 | _uhttp://www.gutenberg.org/ebooks/17195 |
| 942 | _cEB | ||
| 999 |
_c246450 _d246450 |
||